000 01309nam a22002777a 4500
001 TZ 0041
003 gtcocun
005 20251003175434.0
006 a||||gr|||| 00| 0
007 ta
008 251003b2011 gt ||||| m||| 00| 0 eng d
040 _agtcocun
_bSPA
_cgtcocun
_eRDA
041 _aSPA TZ 0041
084 _0TZ 0041
100 _aGrajeda Micheo, Juan Luis
_eAutor
245 _aINFORME DEL EJERCICIO PROFESIONAL SUPERVISADO REALIZADO ENE EL MINISTERIO DE AGRICULTURA, GANADERIA Y ALIMENTACION DE ALTA VERAPAZ Y LA ASOCIACIÓN ESPERANZA DE LA COMUNIDAD ESPERANZA DE COBÁN ALTA VERAPAZ./
_cJuan Luis Grajeda Micheo.
_hImpreso
264 _aCobán, Alta Verapaz:
_bUniversidad de San Carlos de Guatemala, Centro Universitario del Norte, Zootecnia
_c2011
300 _a82 p.:
_bIlustraciones, gráficas.
_c28 cm;
502 _eTZ 0041
502 _aTesis de grado
_bZootecnia,
_cUniversidad de San Carlos de Guatemala, Centro Universitario del Norte, Zootecnia
_d2011
_oTZ 0041
650 1 4 _2LEMB
_aCobán, Alta Verapaz.
_xZootecnia
_xAsociación
_xInstitución gubernamental
_xProductivas
_xComunidad
_xProducto pecuario
700 _eAsesor
856 _uSin archivo en línea.
_zSin archivo en línea.
942 _2ddc
_cTES
_iTZ 0041
_kClasificación
_n0
_6TZ_0041_000000000000000
999 _c2220
_d2220